Wes Anderson Filmography - Statistics

General Stats
  • This quiz has been taken 133 times
    36 since last reset
  • The average score is 43 of 67
Answer Stats
Type Year Name % Correct
Film Director 2023 Asteroid City
96%
Film Screenplay 2023 Asteroid City
96%
Film Production 2023 Asteroid City
96%
Film Director 2009 Fantastic Mr. Fox
96%
Film Production 2009 Fantastic Mr. Fox
96%
Film Screenplay 2009 Fantastic Mr. Fox
96%
Film Voice Role 2009 Fantastic Mr. Fox
96%
Film Director 2014 The Grand Budapest Hotel
92%
Film Production 2014 The Grand Budapest Hotel
92%
Film Screenplay 2014 The Grand Budapest Hotel
92%
Film Story 2014 The Grand Budapest Hotel
92%
Film Director 2018 Isle of Dogs
88%
Film Production 2018 Isle of Dogs
88%
Film Screenplay 2018 Isle of Dogs
88%
Film Story 2018 Isle of Dogs
88%
Film Director 2012 Moonrise Kingdom
88%
Film Production 2012 Moonrise Kingdom
88%
Film Screenplay 2012 Moonrise Kingdom
88%
Film Director 2001 The Royal Tenenbaums
88%
Film Production 2001 The Royal Tenenbaums
88%
Film Screenplay 2001 The Royal Tenenbaums
88%
Film Cameo 2001 The Royal Tenenbaums
88%
Film Director 2004 The Life Aquatic with Steve Zissou
83%
Film Production 2004 The Life Aquatic with Steve Zissou
83%
Film Screenplay 2004 The Life Aquatic with Steve Zissou
83%
Film Director 1998 Rushmore
79%
Film Production 1998 Rushmore
79%
Film Screenplay 1998 Rushmore
79%
Film Cameo 1998 Rushmore
79%
Film Director 2007 The Darjeeling Limited
79%
Film Production 2007 The Darjeeling Limited
79%
Film Screenplay 2007 The Darjeeling Limited
79%
Film Director 2021 The French Dispatch
79%
Film Production 2021 The French Dispatch
79%
Film Screenplay 2021 The French Dispatch
79%
Film Story 2021 The French Dispatch
79%
Short Film 1994 Bottle Rocket
75%
Film Director 1996 Bottle Rocket
75%
Film Screenplay 1996 Bottle Rocket
75%
Film Cameo 1996 Bottle Rocket
75%
Film Director 2025 The Phoenician Scheme
75%
Film Screenplay 2025 The Phoenician Scheme
75%
Film Story 2025 The Phoenician Scheme
75%
Short Film 2023 The Wonderful Story of Henry Sugar
50%
Short Film 2023 Poison
42%
Short Film 2023 The Rat Catcher
42%
Short Film 2023 The Swan
42%
Short Film 2007 Hotel Chevalier
38%
Short Film 2013 Castello Cavalcanti
29%
Short Film 2012 Cousin Ben Troop Screening with Jason Schwartzman
29%
Short Film 2012 Do You Like to Read?
29%
Short Film 2016 Come Together: A Fashion Picture in Motion
25%
Commercial 2024-2025 Montblanc
25%
Commercial 2013 Prada: Candy
25%
Film Voice Role 2016 Sing
25%
Film Production 2005 The Squid and the Whale
25%
Commercial 2004 American Express: My Life, My Card
21%
Documentary Production 2017 Escapes
21%
Film Production 2014 She's Funny That Way
21%
Film Voice Role 2021 Sing 2
21%
Commercial 2008 Softbank
21%
Commercial 2010 Stella Artois: Apartomatic
21%
Documentary Production 2023 Uncropped
21%
Commercial 2002 IKEA
17%
Commercial 1999, 2010 Sony
17%
Commercial 2007 AT&T
13%
Commercial 2005 Dasani
13%
No matching quizzes found
Score Distribution
Percent of People with Each Score
Percentile by Number Answered
Your Score History
You have not taken this quiz since the last reset